[Event "Srem-ch LKS Piast"]
[Site "Srem"]
[Date "2019.02.16"]
[Round "7.3"]
[White "Skrzypczak, Michal"]
[Black "Lisiecki, Robert"]
[Result "1/2-1/2"]
[WhiteElo "1858"]
[BlackElo "1820"]
[PlyCount "41"]
[EventDate "2019.02.15"]
[EventType "tourn"]
[EventRounds "9"]
[EventCountry "POL"]
[SourceTitle "EXT 2023"]
[Source "ChessBase"]
[SourceDate "2022.10.05"]
[SourceVersion "1"]
[SourceVersionDate "2022.10.05"]
[SourceQuality "1"]

1. b4 d5 2. Bb2 c5 3. e3 Nc6 4. Nf3 Bg4 5. Be2 e6 6. d4 Nf6 7. Nbd2 Bd6 8. 0-0 Qc7 9. h3 h5 10. c4 dxc4 11. dxc5 Bxc5 12. Nxc4 Bf5 13. a3 Rd8 14. Qe1 Be7 15. Qc1 Qb8 16. Rd1 0-0 17. Qc3 a6 18. Bd3 Bxd3 19. Rxd3 Rxd3 20. Qxd3 Rd8 21. Qb3 1/2-1/2

[Event "Srem-ch LKS Piast"]
[Site "Srem"]
[Date "2019.02.16"]
[Round "8.4"]
[White "Tomczak, Michal"]
[Black "Skrzypczak, Michal"]
[Result "1/2-1/2"]
[WhiteElo "2025"]
[BlackElo "1858"]
[PlyCount "89"]
[EventDate "2019.02.15"]
[EventType "tourn"]
[EventRounds "9"]
[EventCountry "POL"]
[SourceTitle "EXT 2023"]
[Source "ChessBase"]
[SourceDate "2022.10.05"]
[SourceVersion "1"]
[SourceVersionDate "2022.10.05"]
[SourceQuality "1"]

1. e4 c5 2. b4 cxb4 3. Nf3 e6 4. d4 d5 5. e5 Nc6 6. Bd3 Bd7 7. 0-0 f6 8. Be3 Be7 9. a3 f5 10. c4 bxc3 11. Nxc3 Nh6 12. Bxh6 gxh6 13. Nb5 0-0 14. Qd2 Kg7 15. Qf4 Be8 16. Qg3+ Bg6 17. Rfd1 a6 18. Nc3 Kh8 19. Ne2 Rg8 20. Nf4 Bf7 21. Qh3 Qf8 22. g3 Bg5 23. Ne2 Be7 24. a4 Rc8 25. Ne1 Nb4 26. f4 Nxd3 27. Rxd3 Be8 28. Rb3 b5 29. axb5 Bxb5 30. Nc3 Bc4 31. Rb7 Rg6 32. Qg2 h5 33. Qf3 h4 34. Kf2 hxg3+ 35. hxg3 Rh6 36. Kg2 Rg6 37. Kf2 Bb4 38. Ne2 a5 39. Ng2 Ba6 40. Ra7 Bxe2 41. Qxe2 Qg8 42. Rh1 Rg7 43. Rxg7 Qxg7 44. Ne3 Bc3 45. Qd3 1/2-1/2

[Event "Srem-ch LKS Piast"]
[Site "Srem"]
[Date "2019.02.16"]
[Round "4.2"]
[White "Wojtkowski, Pawel"]
[Black "Skrzypczak, Michal"]
[Result "1/2-1/2"]
[WhiteElo "1877"]
[BlackElo "1858"]
[PlyCount "42"]
[EventDate "2019.02.15"]
[EventType "tourn"]
[EventRounds "9"]
[EventCountry "POL"]
[SourceTitle "EXT 2023"]
[Source "ChessBase"]
[SourceDate "2022.10.05"]
[SourceVersion "1"]
[SourceVersionDate "2022.10.05"]
[SourceQuality "1"]

1. d4 Nf6 2. c4 e5 3. dxe5 Ng4 4. Bf4 Nc6 5. Nf3 Bb4+ 6. Nc3 Bxc3+ 7. bxc3 Qe7 8. Qd5 Qa3 9. Rc1 f6 10. exf6 Nxf6 11. Qd3 0-0 12. g3 d6 13. Bg2 Qxa2 14. 0-0 Qa5 15. Rfe1 Bf5 16. e4 Bg6 17. Rb1 Qa6 18. Ra1 Na5 19. Rab1 Nc6 20. Ra1 Na5 21. Rab1 Nc6 1/2-1/2

[Event "Srem-ch LKS Piast"]
[Site "Srem"]
[Date "2015.02.22"]
[Round "2.2"]
[White "Skrzypczak, Michal"]
[Black "Lisiecki, Robert"]
[Result "1-0"]
[WhiteElo "1973"]
[BlackElo "1582"]
[PlyCount "71"]
[EventDate "2015.02.22"]
[EventType "tourn"]
[EventRounds "9"]
[EventCountry "POL"]
[SourceTitle "EXT 2023"]
[Source "ChessBase"]
[SourceDate "2022.10.05"]
[SourceVersion "1"]
[SourceVersionDate "2022.10.05"]
[SourceQuality "1"]

1. b3 e5 2. Bb2 Nc6 3. c4 Nf6 4. e3 d5 5. cxd5 Nxd5 6. a3 a5 7. Bb5 Bd6 8. Nf3 Bg4 9. Qc2 Bd7 10. Bxc6 Bxc6 11. Bxe5 Bxe5 12. Nxe5 Bd7 13. Nc3 Nxc3 14. dxc3 Qe7 15. Nxd7 Qxd7 16. Qe4+ Qe6 17. Qxb7 0-0 18. 0-0 Rfb8 19. Qxc7 Rxb3 20. Rfd1 Rbb8 21. Rd6 Rc8 22. Qb6 Qe8 23. Qd4 h6 24. Rd1 Rab8 25. Rd5 Rb3 26. Rxa5 Rbxc3 27. h3 Qf8 28. a4 R3c4 29. Qd5 Qe8 30. Rd4 Rc1+ 31. Kh2 R1c2 32. Rf4 Rd8 33. Qf3 Rc7 34. Ra6 Rb8 35. Qg3 Kh8 36. Rh4 1-0

[Event "Srem-ch LKS Piast"]
[Site "Srem"]
[Date "2015.02.22"]
[Round "6.6"]
[White "Wlodarczak, Damian"]
[Black "Skrzypczak, Michal"]
[Result "0-1"]
[WhiteElo "1639"]
[BlackElo "1973"]
[PlyCount "78"]
[EventDate "2015.02.22"]
[EventType "tourn"]
[EventRounds "9"]
[EventCountry "POL"]
[SourceTitle "EXT 2023"]
[Source "ChessBase"]
[SourceDate "2022.10.05"]
[SourceVersion "1"]
[SourceVersionDate "2022.10.05"]
[SourceQuality "1"]

1. e4 c5 2. Nf3 Nc6 3. d4 cxd4 4. Nxd4 d6 5. Bb5 Bd7 6. c4 a6 7. Bxc6 bxc6 8. 0-0 c5 9. Ne2 g6 10. Nbc3 Bg7 11. b3 Bc6 12. f3 e6 13. Rb1 Ne7 14. Qd3 Qc7 15. Bb2 0-0 16. Qe3 Rad8 17. Rfd1 Rfe8 18. Kh1 Bb7 19. Na4 e5 20. Rd3 f5 21. Rbd1 fxe4 22. fxe4 Nc6 23. Nec3 Nd4 24. Nd5 Bxd5 25. exd5 Rf8 26. Nc3 Rf5 27. Ne4 Rdf8 28. h3 Qe7 29. Bc1 Rf4 30. Qe1 R4f5 31. Qe3 h6 32. Qg3 Kh7 33. Qg4 Rf4 34. Bxf4 Rxf4 35. Qc8 Rxe4 36. Rf1 Rf4 37. Rxf4 exf4 38. Qg4 Qe1+ 39. Kh2 Ne2 0-1

[Event "POL-chT3 Wielkopolskie 1415"]
[Site "Poland"]
[Date "2015.01.18"]
[Round "4.8"]
[White "Bajerlein, Dawid"]
[Black "Skrzypczak, Michal"]
[Result "1/2-1/2"]
[WhiteElo "2061"]
[BlackElo "1973"]
[PlyCount "70"]
[EventDate "2014.11.30"]
[EventType "team-tourn"]
[EventRounds "11"]
[EventCountry "POL"]
[SourceTitle "EXT 2019"]
[Source "ChessBase"]
[SourceDate "2018.10.10"]
[SourceVersion "1"]
[SourceVersionDate "2018.10.10"]
[SourceQuality "1"]

1. d4 Nf6 2. c4 e5 3. dxe5 Ng4 4. Bf4 g5 5. Bg3 Nc6 6. Nf3 Bg7 7. h4 h6 8. hxg5 hxg5 9. Rxh8+ Bxh8 10. e3 Ngxe5 11. Nxe5 Nxe5 12. Qc2 d6 13. Nd2 Qf6 14. Rd1 Bf5 15. e4 Bd7 16. b3 0-0-0 17. Be2 Qe7 18. Nf1 Nc6 19. Ne3 Nd4 20. Qd3 Bc6 21. Bg4+ Kb8 22. f3 Be5 23. Bf2 Rh8 24. Nd5 Bxd5 25. cxd5 c5 26. dxc6 Nxc6 27. Ke2 Qf6 28. Qd5 Bf4 29. Bd4 Be5 30. Bf2 Bf4 31. Bd4 Be5 32. Bf2 Bf4 33. Bd4 Be5 34. Bg1 Bf4 35. Bd4 Be5 1/2-1/2

[Event "Srem-ch LKS Piast"]
[Site "Srem"]
[Date "2014.02.??"]
[Round "4.1"]
[White "Gorski, Boguslaw"]
[Black "Skrzypczak, Michal"]
[Result "0-1"]
[WhiteElo "1828"]
[BlackElo "1986"]
[PlyCount "88"]
[EventDate "2014.02.22"]
[EventType "tourn"]
[EventRounds "9"]
[EventCountry "POL"]
[SourceTitle "EXT 2023"]
[Source "ChessBase"]
[SourceDate "2022.10.05"]
[SourceVersion "1"]
[SourceVersionDate "2022.10.05"]
[SourceQuality "1"]

1. d4 Nf6 2. Nf3 e6 3. c4 d5 4. e3 c5 5. Nc3 Nc6 6. Be2 Be7 7. 0-0 0-0 8. a3 dxc4 9. Bxc4 cxd4 10. Nxd4 Ne5 11. Be2 Qc7 12. Ncb5 Qb6 13. b4 a6 14. Nc3 Qc7 15. Qb3 b5 16. Rd1 Bb7 17. Bb2 Neg4 18. g3 Qe5 19. Bf3 Qh5 20. h4 Bxf3 21. Nxf3 Nxe3 22. Re1 Nc4 23. Ne2 Nd5 24. Bd4 Rac8 25. Rad1 Bf6 26. Bxf6 Nxf6 27. Nf4 Qg4 28. Kg2 Rfd8 29. a4 h6 30. axb5 axb5 31. Rxd8+ Rxd8 32. Ne5 Nxe5 33. Rxe5 Nd5 34. Nxd5 exd5 35. Qf3 Qc4 36. Re7 d4 37. Qe2 d3 38. Qd2 Qd5+ 39. Kh2 Ra8 40. Re1 Ra2 41. Qf4 Re2 42. Rd1 d2 43. Qb8+ Kh7 44. Qf4 Re1 0-1

[Event "Srem-ch LKS Piast"]
[Site "Srem"]
[Date "2013.04.26"]
[Round "9.4"]
[White "Skrzypczak, Michal"]
[Black "Hoffmann, Piotr"]
[Result "1-0"]
[WhiteElo "1984"]
[BlackElo "1714"]
[PlyCount "73"]
[EventDate "2013.02.23"]
[EventType "tourn"]
[EventRounds "9"]
[EventCountry "POL"]
[SourceTitle "EXT 2023"]
[Source "ChessBase"]
[SourceDate "2022.10.05"]
[SourceVersion "1"]
[SourceVersionDate "2022.10.05"]
[SourceQuality "1"]

1. e4 e5 2. f4 d5 3. exd5 e4 4. Nc3 Nf6 5. Bb5+ c6 6. dxc6 bxc6 7. Bc4 Bc5 8. Qe2 0-0 9. b3 Bg4 10. Qf1 Re8 11. Bxf7+ Kxf7 12. Qc4+ Nd5 13. Qxc5 e3 14. Nxd5 exd2+ 15. Kxd2 cxd5 16. Bb2 Na6 17. Qd4 Rg8 18. h3 Bf5 19. Nf3 Be4 20. Ne5+ Ke6 21. g4 Qc7 22. f5+ Ke7 23. Ba3+ Kd8 24. c3 Re8 25. Nd3 Qg3 26. Rhe1 Qxd3+ 27. Qxd3 Bxd3 28. Rxe8+ Kxe8 29. Kxd3 Nc7 30. Re1+ Kd7 31. Re7+ Kc6 32. Rxg7 Nb5 33. Bc1 Rh8 34. a4 Nc7 35. Bf4 Ne8 36. Rxa7 Nf6 37. Ra6+ 1-0

[Event "Srem-ch LKS Piast"]
[Site "Srem"]
[Date "2013.04.05"]
[Round "6.6"]
[White "Simon, Marek"]
[Black "Skrzypczak, Michal"]
[Result "1/2-1/2"]
[WhiteElo "1819"]
[BlackElo "1984"]
[PlyCount "69"]
[EventDate "2013.02.23"]
[EventType "tourn"]
[EventRounds "9"]
[EventCountry "POL"]
[SourceTitle "EXT 2023"]
[Source "ChessBase"]
[SourceDate "2022.10.05"]
[SourceVersion "1"]
[SourceVersionDate "2022.10.05"]
[SourceQuality "1"]

1. d4 Nf6 2. Nf3 d5 3. c4 e6 4. Nc3 c5 5. dxc5 Bxc5 6. cxd5 exd5 7. e3 0-0 8. Bd3 Nc6 9. h3 d4 10. exd4 Re8+ 11. Be2 Bxd4 12. Nxd4 Nxd4 13. Be3 Nxe2 14. Qxd8 Rxd8 15. Kxe2 b6 16. f3 Ba6+ 17. Kf2 Nd7 18. Bd4 Nf8 19. Rad1 Ng6 20. g3 Bc4 21. Rd2 Rac8 22. Rhd1 f5 23. b3 Ba6 24. Ne2 Re8 25. Bb2 Re7 26. f4 Bb7 27. Nd4 Be4 28. Nf3 h6 29. Ne5 Nxe5 30. Bxe5 Kf7 31. Rd7 Rc2+ 32. R7d2 Rc8 33. Rd7 Rc2+ 34. R7d2 Rc8 35. Rd7 1/2-1/2

[Event "POL-chT 3rd League Wielkopolska 12/13"]
[Site "Poznan"]
[Date "2013.01.06"]
[Round "5.3"]
[White "Kowalczuk, Mikolaj"]
[Black "Skrzypczak, Michal"]
[Result "0-1"]
[WhiteElo "1909"]
[BlackElo "1984"]
[PlyCount "57"]
[EventDate "2012.11.25"]
[EventType "team-tourn"]
[EventRounds "11"]
[EventCountry "POL"]
[SourceTitle "EXT 2014"]
[Source "ChessBase"]
[SourceDate "2013.11.20"]
[SourceVersion "1"]
[SourceVersionDate "2013.11.20"]
[SourceQuality "1"]
[WhiteTeam "Rawicz Korona Rawbud"]
[BlackTeam "Srem LKS Piast"]
[WhiteTeamCountry "POL"]
[BlackTeamCountry "POL"]

1. d4 Nf6 2. c4 e5 3. dxe5 Ng4 4. Nf3 Bc5 5. e3 Nc6 6. Be2 Ngxe5 7. a3 a5 8. 0-0 0-0 9. Nbd2 d6 10. Qc2 Qe7 11. Re1 Bg4 12. Nxe5 Nxe5 13. Bxg4 Nxg4 14. Nf3 f5 15. h3 Ne5 16. Nxe5 dxe5 17. Bd2 Ra6 18. Bc3 Rg6 19. Qd3 c6 20. Bxa5 Qg5 21. Qf1 f4 22. Bb4 fxe3 23. Bxc5 Rxf2 24. g4 Rxf1+ 25. Rxf1 h5 26. Rae1 hxg4 27. Bxe3 Qh4 28. Bf2 g3 29. Be3 0-1

[Event "POL-chT3 Wielkopolska 1112"]
[Site "Poland"]
[Date "2012.??.??"]
[Round "4.3"]
[White "Grabianowski, Krystian"]
[Black "Skrzypczak, Michal"]
[Result "0-1"]
[WhiteElo "1876"]
[BlackElo "1961"]
[PlyCount "138"]
[EventDate "2011.11.27"]
[EventType "team-tourn"]
[EventRounds "11"]
[EventCountry "POL"]
[SourceTitle "EXT 2014"]
[Source "ChessBase"]
[SourceDate "2013.11.20"]
[SourceVersion "1"]
[SourceVersionDate "2013.11.20"]
[SourceQuality "1"]
[WhiteTeam "Szamotuly Baszta"]
[BlackTeam "Srem LKS Piast"]
[WhiteTeamCountry "POL"]
[BlackTeamCountry "POL"]

1. e4 d5 2. exd5 Nf6 3. Nc3 Nxd5 4. Bc4 e6 5. Nf3 Be7 6. 0-0 0-0 7. Ne5 Nd7 8. Nxd7 Qxd7 9. Qf3 Nf6 10. Re1 Rb8 11. b3 b5 12. Bd3 Bb7 13. Qh3 b4 14. Nd1 h6 15. Bb2 Rfd8 16. Re3 Kf8 17. Rg3 Qd6 18. Ne3 Qf4 19. Nc4 Rd5 20. Rf3 Qg5 21. Re1 Rc5 22. Rg3 Qh5 23. Bd4 Qxh3 24. Rxh3 Rg5 25. Rg3 c5 26. Rxg5 hxg5 27. Be5 Rd8 28. a3 bxa3 29. Nxa3 Nd5 30. Be4 f5 31. Bxd5 exd5 32. Bxg7+ Kf7 33. Nb5 a6 34. Nc3 d4 35. Na4 Bd6 36. Be5 Re8 37. f4 gxf4 38. Bxd6 Rxe1+ 39. Kf2 Rc1 40. Nxc5 Bc8 41. Ke2 Rxc2 42. Kd3 Rc1 43. Kxd4 Rg1 44. Bxf4 Rxg2 45. Ke3 Rg1 46. d4 Rc1 47. Kd3 Rf1 48. Ke3 Rc1 49. Kd3 Rd1+ 50. Kc3 Rf1 51. Nd3 Bb7 52. Be5 Bd5 53. Nc5 a5 54. Kd3 Rf3+ 55. Kc2 Kg6 56. Bc7 Rf2+ 57. Kc3 Ra2 58. Na4 Ra3 59. Nc5 Ra2 60. Nd3 Kg5 61. Nf4 Bc6 62. d5 Bd7 63. Nd3 Ra1 64. Kd4 Rd1 65. Ke3 Bb5 66. Bf4+ Kh5 67. Nc5 Rxd5 68. Nb7 Rd3+ 69. Kf2 Kg4 0-1